000 01330nam a2200349Ia 4500
001 ebr10087163
003 CaPaEBR
006 m u
007 cr cn|||||||||
008 900920s1989 nyua sb 001 0 eng d
010 _z 88034883
020 _z0195051548 (alk. paper) :
040 _aCaPaEBR
_cCaPaEBR
035 _a(OCoLC)228117626
050 1 4 _aQP491
_b.G69 1989eb
100 1 _aGraham, Norma Van Surdam.
245 1 0 _aVisual pattern analyzers
_h[electronic resource] /
_cNorma Van Surdam Graham.
260 _aNew York :
_bOxford University Press,
_c1989.
300 _axvi, 646 p. :
_bill.
490 1 _aOxford psychology series ;
_vno. 16
490 1 _aOxford science publications
500 _aIncludes indexes.
504 _aIncludes bibliography: p. 581-625.
533 _aElectronic reproduction.
_bPalo Alto, Calif. :
_cebrary,
_d2009.
_nAvailable via World Wide Web.
_nAccess may be limited to ebrary affiliated libraries.
650 0 _aPattern perception.
650 0 _aForm perception.
655 7 _aElectronic books.
_2local
710 2 _aebrary, Inc.
830 0 _aOxford psychology series ;
_vno. 16.
830 0 _aOxford science publications.
856 4 0 _uhttp://site.ebrary.com/lib/rucke/Doc?id=10087163
_zAn electronic book accessible through the World Wide Web; click to view
999 _c51669
_d51669